| 000 | 00752nam a2200277 4500 | ||
|---|---|---|---|
| 001 | 3203564 | ||
| 003 | ARRUPE | ||
| 005 | 20221116140352.0 | ||
| 008 | 701007s1970 enk b 000 0 eng | ||
| 010 | _a 77509656 | ||
| 015 | _aB70-09236 | ||
| 020 | _a023251075X | ||
| 028 | _bArrupe | ||
| 040 |
_aDLC _cDLC _dDLC |
||
| 050 | 0 | 0 |
_aBT77 _b.B27 1970 |
| 082 | 0 | 0 | _a231 |
| 100 | 1 |
_aBaker, John Austin. _951853 |
|
| 245 | 1 | 4 | _aThe foolishness of God. |
| 260 |
_aLondon, _bDarton, Longman & Todd, _c1970. |
||
| 300 |
_a443 _c23 cm. |
||
| 350 | _a63/- | ||
| 504 | _aIncludes bibliographical references. | ||
| 650 | 0 |
_aTheology, Doctrinal _xPopular works. _92700 |
|
| 906 |
_a7 _bcbc _corignew _d3 _encip _f19 _gy-gencatlg |
||
| 942 |
_2lcc _cMONOGRAPH |
||
| 999 |
_c131525 _d131525 |
||